| 000 | 01313nam a22002777a 4500 | ||
|---|---|---|---|
| 005 | 20260305105948.0 | ||
| 008 | 240820b ||||| |||| 00| 0 eng d | ||
| 082 | _aDPer 155.205 J826 October-December 2020 v. 119 n. 4-6 | ||
| 100 |
_aBuss, David M. _eauthor. _939978 |
||
| 245 |
_aHuman status criteria : _bsex differences and similarities across 14 nations / _cDavid M. Buss, Patrick K. Durkee, Brian F. Bowdle, Gary L. Brase, Todd K. Shackelford, David P. Schmitt, Jae C. Chloe, and Irina Trofimova. |
||
| 260 |
_aWashington, DC ; _bAmerican Psychological Association , _cNovember 2020. |
||
| 300 |
_aVolume 119, pages 979-998 : _billustration ; _c28 cm. |
||
| 500 | _aJournal of Personality and Social Psychology, vol. 119, no. 5, pages 979-998, November 2020. | ||
| 650 |
_aEthnopsychology. _937285 |
||
| 650 |
_aEvolution. _918033 |
||
| 650 |
_aSex differences (Psychology). _928588 |
||
| 700 |
_aBuss, David M. _eauthor. _939978 |
||
| 700 |
_aDurkee, Patrick K. _eauthor. _958360 |
||
| 700 |
_aBowdle, Brian F. _eauthor. _958361 |
||
| 700 |
_aBrase, Gary L. _eauthor. _958362 |
||
| 700 |
_aShackelford, Todd K. _eauthor. _958363 |
||
| 700 |
_aSchmitt, David P. _eauthor. _958364 |
||
| 700 |
_aChloe, Jae C. _eauthor. _958365 |
||
| 700 |
_aTrofimova, Irina. _eauthor. _958366 |
||
| 942 |
_2ddc _cPER |
||
| 999 |
_c20661 _d20661 |
||